00836nam a22002177a 450000500170000000800410001702000230005804000140008104100060009508200170010124500250011826000560014330000290019949000350022850402070026352100130047065000370048370000330052070000330055370000320058620230831122606.0230831b sa ||||| |||| 00| 0 eng d a9780582817791qpbk aRDAc3228 2E aJ 822.3 DUCH aThe Duchess of Malfi aEdinburgh Gate Harlow, EssexbPearson Longmanc2004 a266billustrationsc24cm aNew Longman Shakespeare series 6This new edition of The Duchess of Malfi follows the format of our New Longman Shakespeare series. It has been specifically developed to help students make the transition to AS and A Level a smooth one. aJuveline 2Duchess of Malfi (Webster, John) aOriginal Author John Webster aVolume Editor Monica Kendall aSeries Editor John O'Connor